[Event "CSCh"]
[Site "?"]
[Date "1990.??.??"]
[Round "4"]
[White "Brameld, Arthur F"]
[Black "Kermeen, Robert J"]
[Result "1-0"]
[WhiteElo "2100"]
[BlackElo "1885"]
[PlyCount "81"]
[EventDate "1990.??.??"]
[EventType "simul"]
[EventRounds "8"]

1. e4 g6 2. d4 Bg7 3. Nc3 c6 4. Bc4 d6 5. f4 Nf6 6. e5 dxe5 7. dxe5 Qxd1+ 8. Kxd1 Ng4 9. Ke1 h5 10. Nf3 Bf5 11. Nd4 Nh6 12. Be3 e6 13. Nxf5 Nxf5 14. Bf2 Nd7 15. Rd1 O-O-O 16. Ke2 Nb6 17. Bb3 Rxd1 18. Rxd1 Bf8 19. Ne4 Be7 20. c4 Rd8 21. c5 Rxd1 22. Kxd1 Nd5 23. Bxd5 exd5 24. Nd6+ Nxd6 25. cxd6 Bd8 26. h3 b6 27. b4 Kd7 28. g4 Ke6 29. Bg3 c5 30. b5 f6 31. gxh5 gxh5 32. Bh4 fxe5 33. Bxd8 Kxd6 34. f5 e4 35. Kd2 d4 36. Bf6 Kd5 37. Bg7 e3+ 38. Ke2 c4 39. f6 Ke4 40. f7 d3+ 41. Ke1 1-0

[Event "CSCh"]
[Site "?"]
[Date "1990.??.??"]
[Round "5"]
[White "Holroyd, Nigel"]
[Black "Brameld, Arthur F"]
[Result "1/2-1/2"]
[WhiteElo "1860"]
[BlackElo "2100"]
[PlyCount "111"]
[EventDate "1990.??.??"]
[EventType "simul"]
[EventRounds "8"]

1. c4 e5 2. Nc3 Nc6 3. Nf3 g6 4. d4 exd4 5. Nxd4 Bg7 6. Nxc6 bxc6 7. g3 Qe7 8. Bg2 Qb4 9. Qb3 Rb8 10. O-O Ba6 $2 11. Nb5 Qxb3 12. Nxc7+ Kd8 13. axb3 Kxc7 14. Rxa6 Kb7 15. Ra2 Ne7 16. Rd1 Rhd8 17. Bg5 f6 18. Be3 a6 19. Bh3 d5 20. Bc5 Nf5 21. Ra4 dxc4 22. Rb4+ Kc7 23. Rxd8 Rxb4 24. Rg8 Rb8 25. Rxb8 Kxb8 26. bxc4 $2 {Better was Bxf5,gf5; f4, } Nh6 27. e4 Nf7 28. f4 Kc7 29. b3 Nd6 30. Bg2 Nb7 31. Bb4 c5 32. Bc3 Nd8 33. Kf2 Nc6 34. g4 Nd4 35. b4 Ne6 36. bxc5 Nxf4 37. g5 Nd3+ 38. Kg3 Ne5 39. gxf6 Bxf6 40. Bf1 Kc6 41. Kf4 Nd3+ 42. Bxd3 Bxc3 43. e5 a5 44. Bc2 Kxc5 45. h4 Kb4 46. h5 a4 47. e6 Bf6 48. hxg6 hxg6 49. c5 a3 50. Bb1 Kxc5 51. Ke3 g5 52. Ba2 Kb4 53. Kd3 Be7 54. Bd5 g4 55. Ke4 Bd6 56. e7 1/2-1/2

[Event "CSCh"]
[Site "?"]
[Date "1990.??.??"]
[Round "6"]
[White "Brameld, Arthur F"]
[Black "Herbert, A."]
[Result "1-0"]
[WhiteElo "2100"]
[BlackElo "1920"]
[PlyCount "75"]
[EventDate "1990.??.??"]
[EventType "simul"]
[EventRounds "8"]

1. e4 c5 2. Nf3 Nc6 3. d4 cxd4 4. Nxd4 Nf6 5. Nc3 e5 6. Ndb5 d6 7. Bg5 a6 8. Bxf6 gxf6 9. Na3 f5 10. exf5 Bxf5 11. Bd3 Bxd3 12. Qxd3 Qg5 13. Ne4 Qg6 14. O-O-O Rd8 15. Rhe1 d5 16. Ng3 Qxd3 17. Rxd3 e4 18. f3 Nb4 19. Rb3 Nxa2+ 20. Kb1 Nb4 21. fxe4 d4 22. Nf5 b5 23. e5 Nd5 24. Rf3 Bc5 25. e6 fxe6 26. Rxe6+ Kd7 27. Rxa6 Nc7 28. Rf6 Rdf8 29. Rxf8 Rxf8 30. Nxd4 Rg8 31. Ndxb5 Nxb5 32. Nxb5 Kc6 33. c4 Rxg2 34. Rf6+ Kd7 35. Rf7+ Ke8 36. Rxh7 Bg1 37. h3 Rg5 38. Ka2 1-0

[Event "CSCh"]
[Site "?"]
[Date "1990.??.??"]
[Round "7"]
[White "Toll, Alec"]
[Black "Brameld, Arthur F"]
[Result "1/2-1/2"]
[WhiteElo "2055"]
[BlackElo "2100"]
[PlyCount "40"]
[EventDate "1990.??.??"]
[EventType "simul"]
[EventRounds "8"]

1. d4 g6 2. c4 Nf6 3. Nc3 d5 4. Bg5 Ne4 5. Nxe4 dxe4 6. Qa4+ Qd7 7. Qxd7+ Nxd7 8. e3 Bg7 9. Ne2 c5 10. O-O-O h6 11. Bh4 cxd4 12. exd4 f5 13. f3 exf3 14. gxf3 b5 $6 15. Nf4 g5 16. Ne6 Kf7 17. Nxg7 Kxg7 18. Rg1 Kf7 19. Be1 Bb7 20. Be2 e6 1/2-1/2

[Event "CSCh"]
[Site "?"]
[Date "1990.??.??"]
[Round "8"]
[White "Brameld, Arthur F"]
[Black "Hammond, Andy"]
[Result "1/2-1/2"]
[WhiteElo "2100"]
[BlackElo "2055"]
[PlyCount "95"]
[EventDate "1990.??.??"]
[EventType "simul"]
[EventRounds "8"]

1. e4 Nf6 2. e5 Nd5 3. d4 d6 4. Nf3 Bg4 5. h3 Bh5 $2 6. g4 Bg6 7. e6 fxe6 8. Bd3 Bxd3 9. Qxd3 Qd7 10. c4 Nf6 11. Bf4 Nc6 12. Nc3 g6 13. O-O-O Bg7 14. Qe3 O-O 15. Rhe1 Rae8 16. Bh6 Nd8 17. Bxg7 Kxg7 18. Re2 Qc6 19. Qd3 e5 20. d5 Qb6 21. Ng5 Nd7 22. Nce4 Rf4 23. h4 Nc5 24. Qg3 h6 25. b3 Rh8 26. Nxc5 hxg5 27. Nd7 gxh4 $2 28. Qxf4 exf4 29. Rxe7+ Kh6 30. Nxb6 cxb6 31. Rh1 Kg5 32. f3 h3 33. Ree1 Kh4 $2 34. Rxh3+ Kxh3 35. Rh1+ Kg3 36. Rxh8 Nf7 37. Rh7 Ne5 38. Re7 Kxf3 39. Rxe5 dxe5 40. d6 Kg2 41. d7 f3 42. d8=Q f2 43. Qd2 Kg1 44. Qe3 Kg2 45. Qe2 Kg1 46. Qe3 Kg2 47. Qe4+ Kg1 48. Qe3 1/2-1/2

[Event "Ports Lge"]
[Site "?"]
[Date "1990.??.??"]
[Round "?"]
[White "Wheeler, John F"]
[Black "Brameld, Arthur F"]
[Result "1/2-1/2"]
[WhiteElo "2055"]
[BlackElo "2100"]
[PlyCount "78"]
[EventDate "1990.??.??"]
[EventType "swiss"]

1. d4 d5 2. c4 e6 3. Nc3 c5 4. cxd5 cxd4 5. Qxd4 Nc6 6. Qd1 exd5 7. Nxd5 $6 Bf5 8. Nf3 Qa5+ 9. Qd2 Bb4 10. Nxb4 Nxb4 11. Nd4 Rd8 12. e3 Nf6 $2 { Nc2+; Kd1,Qxd2+; Bxd2,Rxd4; ed4,Nxa1; Bb5+,Kd8; Ba4,b5; } 13. Bb5+ Kf8 14. O-O Rxd4 15. Qxd4 Qxb5 16. Qd6+ Kg8 17. e4 $2 { a4,Ne8; Qe7,Nd5; Qe5, } Bd7 18. Bd2 Na6 19. Rac1 h6 20. Bc3 Nxe4 21. Qd4 Nxc3 22. Rxc3 Be6 23. Re1 Kh7 24. Rg3 g6 25. h4 Qb4 26. Qd1 Re8 27. h5 g5 28. Qd3+ Kg7 29. Re5 Qf4 30. Qc3 f6 31. Rb5 Bc8 32. Rf3 Qd6 33. Rd5 Qe6 34. Qd3 Qe4 35. Qxe4 Rxe4 36. Rd8 Be6 37. Rc3 f5 38. a3 Re5 39. b4 Kf6 1/2-1/2

[Event "CoshCh"]
[Site "?"]
[Date "1990.??.??"]
[Round "?"]
[White "Brameld, Arthur F"]
[Black "Woodroofe, Terry"]
[Result "1-0"]
[WhiteElo "2100"]
[BlackElo "1640"]
[PlyCount "75"]
[EventDate "1990.??.??"]
[EventType "simul"]
[EventRounds "4"]

1. e4 e5 2. Nf3 Nc6 3. d4 d6 4. dxe5 dxe5 5. Qxd8+ Kxd8 6. Bc4 Nf6 7. Bxf7 Nxe4 8. Bd5 Bf5 9. Bxc6 bxc6 10. Nxe5 Nd6 11. O-O Bxc2 12. Nxc6+ Kc8 13. Nd4 Bg6 14. Nc3 Be7 15. Nd5 Re8 16. Bf4 Be4 17. Nxe7+ Rxe7 18. Rfe1 Kd7 19. f3 Bd5 20. Rxe7+ Kxe7 21. Re1+ Kd7 22. b3 Rb8 23. Bg3 h6 24. Re5 Bg8 25. Ra5 Ra8 26. Kf2 g5 27. h4 Rf8 28. Bxd6 Kxd6 29. hxg5 hxg5 30. Rxg5 c5 31. Nf5+ Ke6 32. Ne3 Kd6 33. Rg7 Bf7 34. g4 a5 35. Rh7 a4 36. Rh6+ Ke5 37. bxa4 c4 38. Rc6 1-0

[Event "CoshCh"]
[Site "?"]
[Date "1990.??.??"]
[Round "?"]
[White "Brameld, Arthur F"]
[Black "Dean, Stuart"]
[Result "1-0"]
[WhiteElo "2100"]
[BlackElo "1900"]
[PlyCount "49"]
[EventDate "1990.??.??"]
[EventType "simul"]
[EventRounds "4"]

1. e4 c5 2. Nf3 Nc6 3. d4 cxd4 4. Nxd4 Nf6 5. Nc3 e5 6. Ndb5 d6 7. Bg5 a6 8. Bxf6 gxf6 9. Na3 b5 10. Nd5 Be6 11. c3 f5 12. exf5 Bxf5 13. Qf3 Bd7 14. Nf6+ Ke7 15. Bd3 Bg7 16. Nd5+ Kf8 17. Nc2 Rc8 18. Bf5 Ne7 19. Bxd7 Qxd7 20. Nb6 Qc6 21. Nxc8 Qxf3 22. gxf3 Nxc8 23. Ne3 Ke8 24. Rg1 Bf8 25. a4 1-0

[Event "NatClubPlate"]
[Site "?"]
[Date "1990.??.??"]
[Round "?"]
[White "Atkinson, Paul"]
[Black "Brameld, Arthur F"]
[Result "1/2-1/2"]
[WhiteElo "2020"]
[BlackElo "2100"]
[PlyCount "71"]
[EventDate "1990.??.??"]
[EventType "simul"]
[EventRounds "2"]

1. e4 Nf6 2. Nc3 d5 3. exd5 Nxd5 4. Bc4 e6 5. Qf3 Nb4 6. Bb3 N8c6 7. Nge2 Na5 8. Ba4+ c6 9. a3 Nd5 10. b4 Nc4 11. Bb3 Nd6 12. Nxd5 exd5 13. d3 Be6 14. O-O Be7 15. Bb2 Qd7 16. h3 O-O-O 17. Rfd1 Rhg8 18. c4 Nf5 19. Nd4 Nxd4 20. Bxd4 g5 21. cxd5 Bxd5 22. Bxd5 Qxd5 23. Qxd5 Rxd5 24. Bxa7 Rgd8 25. Bb6 R8d7 26. d4 Bd8 27. Bxd8 Kxd8 28. Kf1 Rxd4 29. Rxd4 Rxd4 30. Ke2 Ke7 31. Ke3 Rd5 32. Rc1 Ke6 33. g3 Re5+ 34. Kd3 Rf5 35. Ke3 Re5+ 36. Kd3 1/2-1/2

[Event "Ports Lge"]
[Site "?"]
[Date "1990.??.??"]
[Round "?"]
[White "Brameld, Arthur F"]
[Black "Noyce, Robert C"]
[Result "1-0"]
[WhiteElo "2100"]
[BlackElo "2135"]
[PlyCount "67"]
[EventDate "1990.??.??"]
[EventType "swiss"]

1. e4 g6 2. d4 Bg7 3. Nc3 d6 4. f4 Nc6 5. Be3 Nf6 6. h3 e6 7. g4 O-O 8. Nf3 b6 9. Qd2 Bb7 10. Be2 Ne7 11. Bd3 c5 12. g5 Nd7 13. O-O-O d5 14. e5 cxd4 15. Nxd4 a6 16. h4 Qc7 17. h5 Rfc8 18. hxg6 hxg6 19. Rh3 Nc6 20. Bxg6 $1 Nxd4 21. Bh7+ Kf8 22. Bxd4 b5 23. Ne2 a5 24. Ng3 Qc4 25. b3 Qb4 26. Kb2 Qxd2 27. Rxd2 a4 28. Nh5 axb3 29. axb3 Bh8 30. Nf6 Bc6 31. Rdh2 Ke7 32. Bd3 Rf8 33. Bc3 $1 Bxf6 34. Bb4+ 1-0

[Event "Ports Lge"]
[Site "?"]
[Date "1990.??.??"]
[Round "?"]
[White "Wielenga, W."]
[Black "Brameld, Arthur F"]
[Result "0-1"]
[WhiteElo "2040"]
[BlackElo "2100"]
[PlyCount "64"]
[EventDate "1990.??.??"]
[EventType "swiss"]

1. d4 d5 2. c4 e6 3. Nc3 c5 4. cxd5 cxd4 5. Qa4+ Bd7 6. Qxd4 exd5 7. Qxd5 Nc6 8. Bg5 Nf6 9. Qd2 Bb4 10. Nf3 h6 11. Bxf6 Qxf6 12. a3 Bxc3 {Possibly better was 12...Ba5 and if 13.b4 then Nxb4 !?} 13. Qxc3 Qxc3+ 14. bxc3 Rc8 15. e3 Na5 16. Nd4 Rxc3 17. Kd2 Rc5 18. Be2 Ke7 19. Rhc1 Rhc8 20. Rxc5 Rxc5 21. Rc1 Kd6 22. Rxc5 Kxc5 23. Kc3 b5 24. e4 a6 25. g3 Nc6 26. Nb3+ Kb6 27. f4 Be6 28. Nd4 Nxd4 29. Kxd4 Ka5 30. Bd1 b4 31. axb4+ Kxb4 32. f5 Ba2 {Sealed move. Best was 32...Bc4. I was about to offer a draw prior to      resumption when White resigned !!} 0-1

[Event "CoshCh Final"]
[Site "?"]
[Date "1990.??.??"]
[Round "1"]
[White "Brameld, Arthur F"]
[Black "Gibson, Dave"]
[Result "1/2-1/2"]
[WhiteElo "2100"]
[BlackElo "1960"]
[PlyCount "60"]
[EventDate "1990.??.??"]
[EventType "match"]
[EventRounds "2"]

1. e4 e6 2. d4 d5 3. Nd2 b6 4. Ngf3 Nf6 5. e5 Nfd7 6. c3 Ba6 7. Bxa6 Nxa6 8. Qe2 Nab8 9. O-O c5 10. c4 cxd4 11. cxd5 Nc5 12. dxe6 Nxe6 13. Qe4 Na6 14. Qc6+ Ke7 15. Ne4 Qc8 16. Qxc8 $6 Rxc8 17. Nd6 Rd8 18. Rd1 Nb4 19. Nxd4 Nxd4 20. Rxd4 Nc6 21. Bg5+ f6 22. exf6+ gxf6 23. Re1+ Kd7 24. Bxf6 Bxd6 25. Bxh8 Rxh8 26. Rd5 Kc7 27. Red1 Rd8 28. a3 Bc5 29. Rxd8 Nxd8 30. Rd3 Ne6 1/2-1/2

[Event "CoshCh Final"]
[Site "?"]
[Date "1990.??.??"]
[Round "2"]
[White "Gibson, Dave"]
[Black "Brameld, Arthur F"]
[Result "0-1"]
[WhiteElo "1960"]
[BlackElo "2100"]
[PlyCount "128"]
[EventDate "1990.??.??"]
[EventType "match"]
[EventRounds "2"]

1. e4 Nf6 2. e5 Nd5 3. c4 Nb6 4. d4 d6 5. exd6 cxd6 6. Nc3 g6 7. h4 h5 8. Be3 Bg7 9. Qb3 O-O 10. Be2 Bf5 11. Rd1 Qc8 12. Nf3 Nc6 13. c5 dxc5 14. dxc5 Be6 15. Qc2 Nc4 16. Bg5 Nb4 17. Qc1 Qxc5 18. Bh6 Rfd8 19. O-O Ne5 20. Bxg7 Kxg7 21. Nxe5 Qxe5 22. a3 Nc6 23. Rfe1 Rxd1 24. Qxd1 Qd4 25. Qxd4+ Nxd4 26. Bd3 Rd8 27. Bb1 Kf8 28. Ne4 Bf5 29. f3 Nb3 30. Kf2 Nd2 31. Ke2 {Sealed Move.} Nc4 32. Bd3 Nxb2 33. Bb5 Bd7 34. Bxd7 Rxd7 35. Rb1 Na4 36. Rb4 Nb6 37. Nc5 Rc7 38. Rb5 Nd5 39. Kd2 b6 40. Nd3 e6 41. g3 Rc4 42. Rb3 f6 43. Nf2 Ke7 44. Ne4 Rd4+ 45. Ke2 Nc7 46. Nc3 e5 47. Ne4 Ne6 48. Rc3 f5 49. Nd2 Nc5 50. Nb3 Nxb3 51. Rxb3 Kd7 52. Rb5 Kd6 53. Rb1 e4 54. fxe4 Rxe4+ 55. Kf3 Kc5 56. Rd1 a5 57. Rd3 b5 58. Rc3+ Rc4 59. Re3 Kd5 60. Rb3 b4 61. axb4 axb4 62. Rd3+ Rd4 63. Re3 Kc4 64. Re6 Rg4 0-1

[Event "RNCC"]
[Site "?"]
[Date "1990.??.??"]
[Round "1"]
[White "Brameld, Arthur F"]
[Black "Penn, Julian"]
[Result "1-0"]
[WhiteElo "2100"]
[BlackElo "1735"]
[PlyCount "49"]
[EventDate "1990.??.??"]
[EventType "simul"]
[EventRounds "6"]

1. e4 c6 2. d4 d5 3. Nc3 dxe4 4. Nxe4 Nd7 5. Bc4 Ngf6 6. Ng5 Nd5 7. N1f3 e6 8. Ne5 Nxe5 9. dxe5 Be7 10. Ne4 Qc7 11. f4 Qb6 12. Qe2 Qb4+ 13. c3 Qb6 14. Qf2 Qc7 15. Bd2 Bd7 16. O-O-O b5 17. Bb3 a5 18. Qg3 O-O 19. f5 exf5 20. Bh6 g6 21. Bxf8 Bxf8 22. Bxd5 fxe4 23. Bxf7+ Kg7 24. Rhf1 Bf5 25. Rxf5 1-0

[Event "RNCC"]
[Site "?"]
[Date "1990.??.??"]
[Round "2"]
[White "Hardie, David"]
[Black "Brameld, Arthur F"]
[Result "1/2-1/2"]
[WhiteElo "1805"]
[BlackElo "2100"]
[PlyCount "29"]
[EventDate "1990.??.??"]
[EventType "simul"]
[EventRounds "6"]

1. d4 d5 2. c4 e6 3. cxd5 exd5 4. Nc3 Be7 5. Bf4 c6 6. e3 Nf6 7. Bd3 Bg4 8. Qc2 Nbd7 9. Nge2 Bxe2 10. Bxe2 Nf8 11. O-O Ne6 12. Be5 Nd7 13. Bg3 g6 14. Rad1 f5 15. f3 1/2-1/2

[Event "RNCC"]
[Site "?"]
[Date "1990.??.??"]
[Round "3"]
[White "Schreiber, Ian"]
[Black "Brameld, Arthur F"]
[Result "0-1"]
[WhiteElo "1800"]
[BlackElo "2100"]
[PlyCount "90"]
[EventDate "1990.??.??"]
[EventType "simul"]
[EventRounds "6"]

1. d4 Nf6 2. Nf3 g6 3. Nbd2 Bg7 4. e4 d6 5. c3 O-O 6. Be2 c5 7. d5 e5 8. O-O Nh5 9. Nc4 Nf4 10. Bxf4 exf4 11. Re1 b5 12. Ncd2 Bd7 13. Qc2 g5 14. h3 a5 15. Rab1 Na6 16. Nh2 Nc7 17. Bf3 Rb8 18. Ng4 f6 19. b4 axb4 20. cxb4 c4 21. Nxc4 bxc4 22. Qxc4 Nb5 23. Qd3 Ra8 24. Re2 Qb6 25. Rd2 Rfc8 26. Rb3 Rc1+ 27. Kh2 Ra1 28. Be2 R1xa2 29. Rxa2 Rxa2 30. Bd1 h5 31. Nxf6+ Bxf6 32. e5 Qxf2 33. Qg6+ Bg7 34. Bf3 Qg3+ 35. Kh1 Ra1+ 36. Rb1 Rxb1+ 37. Qxb1 dxe5 38. Qg6 Qe1+ 39. Kh2 Qg3+ 40. Kg1 Qe1+ 41. Kh2 Qxb4 42. Bxh5 Qe7 43. Bf3 Nd6 44. Qb1 e4 45. Qb8+ Qf8 0-1

[Event "RNCC"]
[Site "?"]
[Date "1990.??.??"]
[Round "4"]
[White "Brameld, Arthur F"]
[Black "Brokenshire, Laurie P"]
[Result "1/2-1/2"]
[WhiteElo "2100"]
[BlackElo "1840"]
[PlyCount "30"]
[EventDate "1990.??.??"]
[EventType "simul"]
[EventRounds "6"]

1. e4 e5 2. Nf3 Nc6 3. d4 exd4 4. c3 dxc3 5. Bc4 d6 6. Nxc3 Nf6 7. Ng5 Ne5 8. Bb3 h6 9. f4 Bg4 10. Qd2 $2 hxg5 11. fxe5 dxe5 12. Qxg5 Rh5 13. Qe3 c6 14. h3 Qd4 15. Rf1 Qxe3+ 1/2-1/2

[Event "RNCC"]
[Site "?"]
[Date "1990.??.??"]
[Round "5"]
[White "Kemp, Paul M"]
[Black "Brameld, Arthur F"]
[Result "0-1"]
[WhiteElo "1920"]
[BlackElo "2100"]
[PlyCount "86"]
[EventDate "1990.??.??"]
[EventType "simul"]
[EventRounds "6"]

1. e4 Nf6 2. e5 Nd5 3. d4 d6 4. Bc4 Nb6 5. Bb3 Bf5 6. Qf3 {Interesting is 6.Bxf7+ !?} Qc8 7. Ne2 e6 8. Nbc3 c5 9. exd6 c4 10. Nb5 Na6 11. g4 Bxg4 12. Qxg4 Qc6 13. d5 Qxd5 14. d7+ Nxd7 15. O-O Ne5 16. Nf4 Qxb5 17. Qe2 Bd6 18. Nxe6 fxe6 19. f4 Bc5+ 20. Be3 Bxe3+ 21. Qxe3 cxb3 22. fxe5 bxc2 23. Qg5 Qc5+ 24. Kh1 Qd5+ 25. Kg1 Qd4+ 26. Kh1 Qe4+ 27. Kg1 Qg6 28. Qxg6+ hxg6 29. Rac1 Rc8 30. Rf2 Rh5 31. Rcxc2 Rxc2 32. Rxc2 Rxe5 33. Rc8+ Kf7 34. Ra8 Re2 35. b3 Rxa2 36. Rxa7 Rb2 37. Rxb7+ Kf6 38. Rb6 Nc5 39. b4 Nd7 40. Rb7 Ke7 41. b5 e5 42. h3 e4 43. Kf1 Kd8 0-1

[Event "Chair v Secretary"]
[Site "?"]
[Date "1990.??.??"]
[Round "?"]
[White "Holland, E N"]
[Black "Brameld, Arthur F"]
[Result "1-0"]
[WhiteElo "2150"]
[BlackElo "2185"]
[PlyCount "107"]
[EventDate "1990.??.??"]
[EventType "game"]

1. e4 Nf6 2. e5 Nd5 3. d4 d6 4. exd6 cxd6 5. Nf3 g6 6. c4 Nb6 7. h3 Bg7 8. Bd3 O-O 9. Be3 Nc6 10. Nc3 Nb4 11. Be2 Bf5 12. Rc1 d5 13. a3 Nc6 14. c5 Nc4 15. Nxd5 Nxe3 16. Nxe3 Nxd4 17. Nxd4 Qxd4 18. Qxd4 Bxd4 19. Nxf5 gxf5 20. Rc2 Rfc8 21. b4 a5 22. Bf3 axb4 23. Bxb7 b3 24. Rc4 e5 25. Bxc8 Rxc8 26. Ke2 f6 27. c6 Kf7 28. g4 Ke6 29. gxf5+ Kd5 30. Rb4 b2 31. Rd1 Rxc6 32. Rxb2 Ke4 33. Rb3 Rc4 34. Rd2 Rc1 35. Ra2 Rh1 36. a4 Bxf2 37. a5 Bd4 38. Ra4 Rh2+ 39. Kf1 Rh1+ 40. Kg2 Rg1+ 41. Kh2 Rg7 42. a6 Rc7 43. Rb7 Rc2+ 44. Kg3 Kxf5 45. a7 Rc3+ 46. Kg2 Rc2+ 47. Kf1 Rc1+ 48. Ke2 Rc2+ 49. Kd1 Rc8 50. a8=Q Rxa8 51. Rxa8 Ke4 52. Rxh7 f5 53. Ke2 f4 54. Rf7 1-0

[Event "Ports Lge"]
[Site "?"]
[Date "1990.??.??"]
[Round "?"]
[White "Noyce, Robert C"]
[Black "Brameld, Arthur F"]
[Result "1/2-1/2"]
[WhiteElo "2130"]
[BlackElo "2185"]
[PlyCount "28"]
[EventDate "1990.??.??"]
[EventType "swiss"]

1. e4 Nf6 2. e5 Nd5 3. Qf3 e6 4. Qg3 c5 5. Nf3 Nc6 6. Na3 Nde7 7. Bd3 Nb4 8. Be4 Nf5 9. Bxf5 exf5 10. O-O d5 11. exd6 Qxd6 12. Re1+ Be6 13. Qxd6 Bxd6 14. Ng5 Kd7 1/2-1/2

[Event "NATO, Oslo"]
[Site "Oslo"]
[Date "1990.??.??"]
[Round "?"]
[White "Uitenbroek, H."]
[Black "Brameld, Arthur F"]
[Result "1/2-1/2"]
[WhiteElo "1950"]
[BlackElo "2195"]
[PlyCount "83"]
[EventDate "1990.??.??"]
[EventType "simul"]
[EventRounds "7"]
[EventCountry "NOR"]

1. e4 Nf6 2. e5 Nd5 3. d4 d6 4. c4 Nb6 5. f4 dxe5 6. fxe5 c5 7. d5 e6 8. Nc3 exd5 9. cxd5 c4 10. Be3 Bb4 11. Bxb6 Qxb6 12. Qd2 O-O 13. Bxc4 Re8 14. Nf3 Bg4 15. O-O-O Bxf3 16. gxf3 Rxe5 17. Rhg1 Nd7 18. f4 Re3 19. Rg3 Rxg3 20. hxg3 Rc8 {Maybe 20....Rd8 was better.} 21. Bb3 Qf6 22. Kb1 Bxc3 23. bxc3 Rxc3 24. Rc1 Rxg3 25. Qb4 $1 Qg6+ 26. Bc2 Qb6 27. Qxb6 axb6 $5 28. Ba4 Nc5 29. Re1 f6 30. Bb5 Rg2 31. Kc1 Rxa2 32. Re8+ Kf7 33. d6 Ra1+ 34. Kc2 Ra2+ 35. Kc1 Ra5 36. Re7+ Kf8 37. Re8+ Kf7 38. Re7+ Kf8 39. Re8+ Kf7 40. Re7+ Kg6 41. d7 Nxd7 42. Bxd7 1/2-1/2

[Event "NATO, Oslo"]
[Site "Oslo"]
[Date "1990.??.??"]
[Round "?"]
[White "Brameld, Arthur F"]
[Black "Aanstad, T."]
[Result "0-1"]
[WhiteElo "2195"]
[BlackElo "2045"]
[PlyCount "42"]
[EventDate "1990.??.??"]
[EventType "simul"]
[EventRounds "7"]
[EventCountry "NOR"]

1. e4 c5 2. Nf3 Nc6 3. b4 cxb4 4. d4 d5 5. exd5 Qxd5 6. c4 bxc3 7. Nxc3 Qa5 8. Bd2 {8.d5!?} e6 9. Bc4 Bb4 10. Qb3 Nf6 11. O-O O-O 12. Rfe1 Bd7 13. Rab1 $6 Qa3 14. Ne5 Qxb3 15. Rxb3 a5 $1 16. Ne4 $2 Nxe5 17. Nxf6+ gxf6 18. dxe5 Bxd2 19. Rg3+ Kh8 20. Rd1 Rac8 21. Bd3 fxe5 0-1

[Event "NATO, Oslo"]
[Site "Oslo"]
[Date "1990.??.??"]
[Round "?"]
[White "Brameld, Arthur F"]
[Black "Roelvaag, M."]
[Result "0-1"]
[WhiteElo "2195"]
[BlackElo "2015"]
[PlyCount "40"]
[EventDate "1990.??.??"]
[EventType "simul"]
[EventRounds "7"]
[EventCountry "NOR"]

1. e4 e6 2. d4 d5 3. Nc3 Bb4 4. Nge2 dxe4 5. a3 Be7 6. Nxe4 Nf6 7. Nxf6+ Bxf6 8. Be3 Nc6 9. c3 O-O 10. Ng3 e5 11. dxe5 Nxe5 12. Qxd8 Rxd8 13. Nh5 Be7 14. Be2 (14. Bd4 Nc6 15. Bxg7 Bg4 16. Nf6+ Bxf6 17. Bxf6 Re8+ 18. Kd2 Re6) 14... Bg4 15. Bd4 Bxh5 16. Bxh5 Nd3+ 17. Kd2 Nf4 18. Bf3 c5 19. Ke3 Bg5 20. h4 cxd4+ 0-1

[Event "NATO, Oslo"]
[Site "Oslo"]
[Date "1990.??.??"]
[Round "?"]
[White "De Waard, Marco"]
[Black "Brameld, Arthur F"]
[Result "1-0"]
[WhiteElo "1960"]
[BlackElo "2195"]
[PlyCount "61"]
[EventDate "1990.??.??"]
[EventType "simul"]
[EventRounds "7"]
[EventCountry "NOR"]

1. d4 Nf6 2. Nf3 g6 3. c4 Bg7 4. Nc3 O-O 5. e4 d6 6. Be2 e5 7. O-O Nbd7 8. h3 $6 exd4 9. Nxd4 Nc5 10. Bf3 Nfd7 11. Be3 Ne5 12. Be2 Qh4 $1 13. Qc2 Ne6 14. Nxe6 Bxe6 15. Nd5 Bxd5 16. cxd5 c5 17. a4 Rae8 18. Ra3 f5 19. Bb5 Re7 20. exf5 Rxf5 21. Rd1 Ref7 22. a5 Qb4 $2 (22... Bh6 $1 23. Ra4 Bxe3 $3 24. Rxh4 Rxf2 25. Qa4 (25. Qb3 Rxg2+ $1 26. Kxg2 Rf2+ 27. Kg3 (27. Kh1 $4 Nf3 $1 $19) 27... Rf3+ $11) (25. Qe4 Rf1+ 26. Kh2 Bg1+ 27. Kg3 (27. Kh1 $4 Rxd1 $17) 27... Bf2+ $11) (25. Qb1 Rxg2+ $1 26. Kxg2 Rf2+ 27. Kg3 (27. Kh1 $4 Nf3 28. Rd2 Rxd2 29. Qg1 Bxg1 $19) 27... Rf3+ $11) 25... R2f4+ 26. Kh1 Rxa4 27. Rxa4 a6 28. Bf1 Rf2 29. b3 g5 $17) 23. Bf1 Rf8 $4 24. Ra4 Qxb2 25. Qxb2 Nf3+ 26. gxf3 Bxb2 27. Rb1 Bc3 28. Rxb7 Rxf3 29. Rxa7 Be1 30. Ra2 Rc8 31. Rc2 1-0

[Event "NATO, Oslo"]
[Site "Oslo"]
[Date "1990.??.??"]
[Round "?"]
[White "Brameld, Arthur F"]
[Black "Seghers, N."]
[Result "1/2-1/2"]
[WhiteElo "2195"]
[BlackElo "1665"]
[PlyCount "135"]
[EventDate "1990.??.??"]
[EventType "simul"]
[EventRounds "7"]
[EventCountry "NOR"]

1. e4 c5 2. Nf3 d6 3. d4 cxd4 4. Qxd4 Bd7 5. c4 Nc6 6. Qd2 Nf6 7. Nc3 g6 8. b3 Bg7 9. Bb2 O-O 10. Be2 a6 11. Rb1 $1 Qa5 12. a3 Na7 $2 13. O-O b5 $2 14. Nd5 Qxd2 15. Nxe7+ Kh8 16. Nxd2 Nxe4 17. Nxe4 Rfe8 18. Nxd6 Rxe7 19. Bf3 Rb8 20. c5 Bc6 21. Bxg7+ Kxg7 22. Bxc6 Nxc6 23. Rfe1 f5 24. Rxe7+ Nxe7 25. Re1 Kf6 26. b4 $6 a5 27. bxa5 Ra8 28. Nxb5 Rxa5 29. Rb1 Ke5 30. h4 Kd5 31. Re1 Nc6 32. Nc7+ Kxc5 33. Ne6+ Kd6 34. Ng5 Ra7 35. Re6+ Kd5 36. Rf6 Rxa3 37. Nxh7 Ne7 { 37....Ne5} 38. g3 Ke5 39. Kg2 Ra7 40. Rf7 Nc8 41. Rf8 (41. Rxa7 Nxa7 42. Nf8 Kf6 43. Kf3 Nc6 44. Kf4 Nd4 45. Nh7+ Kg7 46. Ng5 $16) 41... Rxh7 42. Rxc8 Rg7 {Sealed Move - Position is now =} 43. Rc6 Kd5 44. Ra6 g5 45. h5 Rh7 46. h6 Ke5 47. f3 g4 48. f4+ Ke4 49. Re6+ Kd4 50. Re5 Rxh6 51. Rxf5 Rg6 52. Rg5 Rxg5 53. fxg5 Ke5 54. Kf2 Kf5 55. Ke3 Kxg5 56. Ke4 Kg6 57. Kf4 Kf6 58. Kxg4 Kg6 59. Kf4 Kf6 60. Kg4 Kg6 {Black was now caught cheating - analysing the position on another board in the analysis room. The appeal committee met and upheld the Tournament Direstor's ruling that he should receive an official warning and nothing else !!??} 61. Kf4 Kf6 62. g4 Kg6 63. g5 Kg7 64. Kf5 Kf7 65. g6+ Kg8 66. Kf6 Kf8 67. g7+ Kg8 68. Kg6 1/2-1/2

[Event "NATO, Oslo"]
[Site "Oslo"]
[Date "1990.??.??"]
[Round "?"]
[White "Brameld, Arthur F"]
[Black "Chabot, C."]
[Result "1-0"]
[WhiteElo "2195"]
[BlackElo "2050"]
[PlyCount "63"]
[EventDate "1990.??.??"]
[EventType "simul"]
[EventRounds "7"]
[EventCountry "NOR"]

1. e4 e6 2. d4 d5 3. Nd2 Nf6 4. e5 Nfd7 5. c3 c5 6. Bd3 Nc6 7. Ne2 cxd4 8. cxd4 f6 9. exf6 Nxf6 10. O-O Bd6 11. Nf3 Qc7 12. Bg5 O-O 13. Rc1 Qf7 $6 14. Bf4 Bxf4 15. Nxf4 Ne4 16. g3 g5 17. Bxe4 gxf4 (17... dxe4 18. Nxg5 Qf5 19. Rc5 e5 20. Qh5 $13) 18. Ng5 Qg7 19. Bxh7+ Kh8 20. Qh5 Nxd4 21. h4 Bd7 $2 22. Rc7 fxg3 23. Bg6+ Kg8 24. Qh7+ Qxh7 25. Bxh7+ Kh8 26. Rxd7 Ne2+ 27. Kg2 gxf2 28. Rxf2 Nf4+ 29. Kh2 e5 30. Bc2 e4 31. Nf7+ Kg8 32. Rxf4 1-0